1808 1756 1267 1045 1017 1894 1689 1030 1967 1798 1469 1865 1244 1476 1648 1677 1277 1410 1789 1437 1025 1650 1506 1235 1103 1961 1136 1637 1944 1304 1330 1046 1413 1152 1911 1008 1921 1650 1339 1900 1918 1015 1685 1434 1765 1219 1719 1703 1723 1334 1446 1570 1001 1793 1104 1784 1552 1075 1451 1865 1247 1311 1351 1098 1870 1707 1776 1682 1496 1118 1168 1622 1701 1957 1206 1369 1906 1421 1695 1330 1954 1881 1313 1506 1037 1410 1526 1926 1729 1380 1704 1390 1428 1867 1331 1688 1233 1013 1130 BCNSPRNW ULIB Ver.6.0+V

เปลี่ยนเป็นภาษาไทย

Change to English
 แสดงรายละเอียดบรรณานุกรม
  กลับหน้าหลัก

Brief Record : Get Marc (ISO 2709) : E-mail record : QR code < ปิดหน้าต่าง
LEADER : 00000nam 2200000uu 4500
001    13399128558
003     ULIB
008    230906s2565||||th 000 0 tha d
020    ^a9786168012307^c200
060    ^aWY152^bศ499ก
100    ^aศิริอร สินธุ,บรรณาธิการ
245    ^aการพยาบาลผู้ป่วยโรคเรื้อรัง : ความดันโลหิตสูง และหัวใจล้มเหลว = Nursing care for chronic disease : Hypertension & Heart failure
260    ^aนนทบุรี :^bสภาการพยาบาล,^c2565
300    ^a233 หน้า;^c30
650    ^aการพยาบาลผู้ป่วยโรคเรื้อรัง
650  0 ^aความดันโลหิตสูง
650  0 ^aหัวใจล้มเหลว
945    ^p0^l0^i29745
945    ^p0^l0^i29746
945    ^p0^l0^i29747
945    ^p0^l0^i29748
945    ^p0^l0^i29749
945    ^p0^l0^i29750
945    ^p0^l0^i29751
945    ^p0^l0^i29752
945    ^p0^l0^i29753
945    ^p0^l0^i29754
999    ^aกัณชพร จุลอักษร
รายการนี้ยังไม่มีแท็ก
คุณยังไม่ได้ล็อกอิน คุณสามารถมีกิจกรรมร่วมกับเว็บไซต์ได้ แต่ต้องล็อกอินก่อน ::
  ล็อกอิน

รายการสื่อสารสนเทศ

ลำดับที่ ประเภท เลขเรียก/บาร์โค้ด สถานที่ สถานะ
1. หนังสือสำรอง
หนังสือสำรอง
WY152 ศ499ก ฉ.1 
  Barcode: 29745
ห้องสมุดวิทยาเขตนครสวรรค์
►หนังสือทั่วไป:l:General Books
บนชั้น
2. วิทยาศาสตร์การแพทย์ และสุขภาพ
วิทยาศาสตร์การแพทย์ และสุขภาพ
WY152 ศ499ก ฉ.10 
  Barcode: 29754
ห้องสมุดวิทยาเขตนครสวรรค์
►หนังสือทั่วไป:l:General Books
บนชั้น
3. วิทยาศาสตร์การแพทย์ และสุขภาพ
วิทยาศาสตร์การแพทย์ และสุขภาพ
WY152 ศ499ก ฉ.2 
  Barcode: 29746
ห้องสมุดวิทยาเขตนครสวรรค์
►หนังสือทั่วไป:l:General Books
บนชั้น
4. วิทยาศาสตร์การแพทย์ และสุขภาพ
วิทยาศาสตร์การแพทย์ และสุขภาพ
WY152 ศ499ก ฉ.3 
  Barcode: 29747
ห้องสมุดวิทยาเขตนครสวรรค์
►หนังสือทั่วไป:l:General Books
บนชั้น
5. วิทยาศาสตร์การแพทย์ และสุขภาพ
วิทยาศาสตร์การแพทย์ และสุขภาพ
WY152 ศ499ก ฉ.4 
  Barcode: 29748
ห้องสมุดวิทยาเขตนครสวรรค์
►หนังสือทั่วไป:l:General Books
บนชั้น
6. วิทยาศาสตร์การแพทย์ และสุขภาพ
วิทยาศาสตร์การแพทย์ และสุขภาพ
WY152 ศ499ก ฉ.5 
  Barcode: 29749
ห้องสมุดวิทยาเขตนครสวรรค์
►หนังสือทั่วไป:l:General Books
บนชั้น
7. วิทยาศาสตร์การแพทย์ และสุขภาพ
วิทยาศาสตร์การแพทย์ และสุขภาพ
WY152 ศ499ก ฉ.6 
  Barcode: 29750
ห้องสมุดวิทยาเขตนครสวรรค์
►หนังสือทั่วไป:l:General Books
ถูกยืม กำหนดส่งวันที่ 9 ตุลาคม 2568
  จอง
8. วิทยาศาสตร์การแพทย์ และสุขภาพ
วิทยาศาสตร์การแพทย์ และสุขภาพ
WY152 ศ499ก ฉ.7 
  Barcode: 29751
ห้องสมุดวิทยาเขตนครสวรรค์
►หนังสือทั่วไป:l:General Books
บนชั้น
9. วิทยาศาสตร์การแพทย์ และสุขภาพ
วิทยาศาสตร์การแพทย์ และสุขภาพ
WY152 ศ499ก ฉ.8 
  Barcode: 29752
ห้องสมุดวิทยาเขตนครสวรรค์
►หนังสือทั่วไป:l:General Books
บนชั้น
10. วิทยาศาสตร์การแพทย์ และสุขภาพ
วิทยาศาสตร์การแพทย์ และสุขภาพ
WY152 ศ499ก ฉ.9 
  Barcode: 29753
ห้องสมุดวิทยาเขตนครสวรรค์
►หนังสือทั่วไป:l:General Books
บนชั้น

รายการใกล้เคียง
    ชื่อเรื่อง [การพยาบาลผู้ป่วยโรคเรื้อรัง : ความดันโลหิตสูง และหัวใจล้มเหลว = Nursing care for chronic disease : Hypertension & Heart failure]

    ผู้แต่ง [ศิริอร สินธุ,บรรณาธิการ]

    หัวเรื่อง [การพยาบาลผู้ป่วยโรคเรื้อรัง]
    หัวเรื่อง [ความดันโลหิตสูง]
    หัวเรื่อง [หัวใจล้มเหลว]

BibComment


ยังไม่เคยถูกคอมเมนท์

คอมเมนท์ทรัพยากรรายการนี้
  คอมเมนท์: การพยาบาลผู้ป่วย..


 Copyright 2026. Bcnsprnw @Library